Cenotvorba a cenové stratégie ako súčasť marketingu v konkrétnom podniku diplomová práca

Enregistré dans:
Détails bibliographiques
Auteur principal: Ivan, Marek
Collectivité auteur: Fakulta podnikového manažmentu EU. Katedra podnikovohospodárska
Autres auteurs: Kufelová, Iveta, 1970-
Format: Livre
Langue:slovaque
Publié: Bratislava 2023
Tags: Ajouter un tag
Pas de tags, Soyez le premier à ajouter un tag!

MARC

LEADER 00000nbm a2200000 4500
001 0293290
005 20240219145243.9
041 0 |a slo 
044 |a SK 
245 1 0 |a Cenotvorba a cenové stratégie ako súčasť marketingu v konkrétnom podniku  |b diplomová práca  |c Marek Ivan ; školiteľ: Iveta Kufelová 
264 1 |a Bratislava  |c 2023 
300 |a 68 s. 
100 1 |a Ivan, Marek 
700 1 |a Kufelová, Iveta, 1970- 
710 2 |a Fakulta podnikového manažmentu EU. Katedra podnikovohospodárska